Spieler unter Carlo Ancelotti - Extrem - Statistiken

Allgemein
  • Dieses Quiz wurde 55 mal gespielt
  • Das Durchschnittsergebnis liegt bei 45 aus 195
Antwortstatistiken
Einsätze Saisons Spieler Nationalität % Korrekt
101 6 Cristiano Ronaldo Portugal
100%
218 6 Luka Modric Kroatien
91%
199 6 Toni Kroos Deutschland
89%
60 2 Dominic Calvert-Lewin England
83%
187 6 Karim Benzema Frankreich, Algerien
78%
52 2 Thomas Müller Deutschland
78%
44 2 Manuel Neuer Deutschland
76%
145 6 Vinicius Junior Brasilien, Spanien
76%
99 6 Gareth Bale Wales
74%
57 2 Robert Lewandowski Polen
74%
93 6 Sergio Ramos Spanien
74%
50 2 Mats Hummels Deutschland
72%
45 2 Arjen Robben Niederlande
70%
153 9 David Alaba Österreich
70%
40 4 Franck Ribéry Frankreich
67%
38 1 Philipp Lahm Deutschland
67%
50 2 Joshua Kimmich Deutschland
65%
156 6 Rodrygo Brasilien, Spanien
65%
209 6 Daniel Carvajal Spanien
61%
100 6 Antonio Rüdiger Deutschland, Sierra Leone
59%
325 9 Clarence Seedorf Niederlande, Suriname
57%
252 9 Paolo Maldini Italien
57%
46 1 Zlatan Ibrahimović Schweden, Bosnien-Herzegowina
57%
327 9 Andrea Pirlo Italien
54%
219 9 Andriy Shevchenko Ukraine
54%
155 6 Federico Valverde Uruguay, Spanien
54%
105 5 Thibaut Courtois Belgien
54%
75 3 Casemiro Brasilien, Spanien
52%
144 6 Eduardo Camavinga Frankreich, Kongo
52%
86 6 Pepe Portugal, Brasilien
52%
270 10 Kaká Brasilien, Italien
50%
74 2 Gianluigi Buffon Italien
48%
77 3 James Rodríguez Kolumbien, Spanien
48%
41 1 Jude Bellingham England, Irland
48%
82 3 Xabi Alonso Spanien
48%
113 6 Éder Militão Brasilien, Spanien
46%
323 9 Gennaro Gattuso Italien
46%
47 2 Thiago Spanien, Brasilien
46%
90 2 Didier Drogba Elfenbeinküste, Frankreich
43%
42 2 Javi Martínez Spanien
43%
36 3 Ronaldinho Brasilien
43%
235 6 Alessandro Nesta Italien
41%
88 2 Aurélien Tchouaméni Frankreich, Kamerun
41%
332 11 Filippo Inzaghi Italien
41%
71 2 Iker Casillas Spanien
41%
110 6 Marcelo Brasilien, Spanien
41%
49 2 Arturo Vidal Chile
39%
34 3 Douglas Costa Brasilien
39%
99 5 Ferland Mendy Frankreich, Senegal
39%
182 8 Rui Costa Portugal
39%
34 1 Thiago Silva Brasilien, Frankreich
39%
123 6 Isco Spanien
37%
36 6 Kingsley Coman Frankreich
37%
267 9 Dida Brasilien
35%
47 3 Andriy Lunin Ukraine
33%
83 2 Ashley Cole England, Barbados
33%
83 2 Frank Lampard England
33%
39 4 Joe Cole England
33%
98 5 John Terry England
33%
171 6 Nacho Fernández Spanien
33%
48 4 Joselu Spanien
30%
69 2 Raphaël Varane Frankreich, Martinique
30%
91 3 Zinédine Zidane Frankreich, Algerien
30%
78 2 Alessandro Del Piero Italien
28%
53 2 Ángel Di María Argentinien, Italien
28%
166 8 Cafu Brasilien, Italien
28%
33 5 Eden Hazard Belgien
28%
37 6 Fábio Coentrão Portugal
28%
54 2 Jordan Pickford England
28%
93 2 Marco Asensio Spanien, Niederlande
28%
34 5 David Beckham England
26%
88 6 Edgar Davids Niederlande, Suriname
26%
66 2 Michael Essien Ghana, Frankreich
26%
35 4 Sami Khedira Deutschland
26%
74 2 Fabio Cannavaro Italien
24%
45 1 Michael Ballack Deutschland
24%
93 5 Petr Cech Tschechien
24%
36 4 Rafinha Brasilien
24%
62 2 Alexandre Pato Brasilien
22%
108 4 Lucas Vázquez Spanien
22%
91 2 Nicolas Anelka Frankreich, Martinique
22%
44 4 Brahim Díaz Marokko
20%
91 3 Dani Ceballos Spanien
20%
149 7 Alessandro Costacurta Italien
17%
42 1 Ezequiel Lavezzi Argentinien
17%
116 5 Gianluca Zambrotta Italien
17%
63 2 Gylfi Sigurdsson Island
17%
72 2 John Obi Mikel Nigeria, England
17%
56 2 Michael Keane England, Irland
17%
59 2 Richarlison Brasilien
17%
49 2 Seamus Coleman Irland
17%
33 4 Chicharito Mexiko
15%
32 3 David Trezeguet Frankreich
15%
83 5 Lilian Thuram Frankreich, Guadeloupe
15%
79 2 Salomon Kalou Elfenbeinküste
15%
34 3 Álvaro Morata Spanien
13%
35 4 Bosingwa Portugal
13%
77 2 Dino Baggio Italien
13%
65 2 Jaap Stam Niederlande
13%
67 2 Javier Pastore Argentinien, Italien
13%
39 3 Marco Verratti Italien
13%
31 3 Thiago Motta Italien
13%
95 7 Alex Brasilien
11%
65 2 Álvaro Arbeloa Spanien
11%
89 5 Branislav Ivanovic Serbien
11%
95 8 Christian Abbiati Italien
11%
103 5 Hernán Crespo Argentinien, Italien
11%
114 3 Jon Dahl Tomasson Dänemark
11%
244 9 Kakhaber Kaladze Georgien
11%
58 2 Lorenzo Insigne Italien
11%
42 2 Mário Rui Portugal
11%
247 9 Massimo Ambrosini Italien
11%
69 2 Piotr Zieliński Polen, Italien
11%
40 5 Rivaldo Brasilien
11%
48 2 Tom Davies England
11%
34 3 Abdoulaye Doucouré Mali
9%
45 3 Alex Iwobi Nigeria
9%
37 2 Alex Meret Italien
9%
85 3 Antonio Conte Italien
9%
37 1 Diego López Spanien
9%
101 5 Florent Malouda Frankreich, Französisch-Guayana
9%
31 4 Fran García Spanien
9%
66 2 José Callejón Spanien
9%
48 2 Mamadou Sakho Frankreich, Senegal
9%
35 4 Nenê Brasilien
9%
56 2 Zé Maria Brasilien, Italien
9%
90 2 Asier Illarramendi Spanien
7%
71 2 Blaise Matuidi Frankreich, Angola
7%
129 7 Dario Simic Kroatien
7%
67 2 Dries Mertens Belgien
7%
40 6 Émerson Brasilien
7%
135 7 Marek Jankulovski Tschechien, Nordmazedonien
7%
48 2 Mason Holgate England, Jamaika
7%
52 2 Massimo Oddo Italien
7%
64 2 Salvatore Sirigu Italien
7%
43 2 Yerry Mina Kolumbien
7%
87 3 Allan Brasilien, Portugal
4%
56 2 Arkadiusz Milik Polen
4%
62 2 Christophe Jallet Frankreich
4%
71 2 Darko Kovačević Serbien
4%
88 5 Edwin van der Sar Niederlande
4%
40 2 Elseid Hysaj Albanien
4%
79 2 Enrico Chiesa Italien
4%
61 2 Jérémy Ménez Frankreich
4%
54 4 Jesé Spanien
4%
67 2 Kalidou Koulibaly Senegal, Frankreich
4%
54 2 Lucas Digne Frankreich
4%
63 2 Maxwell Brasilien
4%
49 2 Paulo Ferreira Portugal
4%
62 2 Roberto Mussi Italien
4%
201 9 Serginho Brasilien
4%
132 6 Alberto Gilardino Italien
2%
43 3 André Gomes Portugal
2%
36 1 Ben Godfrey England, Jamaika
2%
35 3 Bernard Brasilien
2%
41 5 Daniel Sturridge England
2%
59 2 Fabián Ruiz Spanien
2%
33 3 Fernando Redondo Argentinien
2%
69 3 Igor Tudor Kroatien
2%
31 2 Jesper Blomqvist Schweden
2%
50 3 Kévin Gameiro Frankreich
2%
32 4 Kévin Malcuit Frankreich
2%
45 2 Mario Stanic Kroatien
2%
72 3 Martin Laursen Dänemark
2%
37 3 Mathieu Flamini Frankreich
2%
76 3 Paolo Montero Uruguay, Spanien
2%
41 1 Ramires Brasilien
2%
31 6 Roque Júnior Brasilien
2%
36 5 Thomas Helveg Dänemark
2%
49 2 Yuriy Zhirkov Russland
2%
56 4 Zeljko Kalac Australien, Kroatien
2%
75 3 Alessandro Birindelli Italien
0%
96 3 Alessio Tacchinardi Italien
0%
59 2 Antonio Benarrivo Italien
0%
81 3 Ciro Ferrara Italien
0%
46 4 Clément Chantôme Frankreich
0%
32 4 Cosmin Contra Rumänien
0%
154 8 Cristian Brocchi Italien
0%
87 3 Daniele Bonera Italien
0%
92 3 Gianluca Pessotto Italien
0%
81 3 Giuseppe Favalli Italien
0%
56 2 Giuseppe Pancaro Italien
0%
32 5 Jonathan Bachini Italien
0%
35 4 José Chamot Argentinien
0%
39 6 Marco Borriello Italien
0%
83 3 Mark Iuliano Italien
0%
69 2 Massimo Crippa Italien
0%
66 2 Néstor Sensini Argentinien, Italien
0%
38 2 Nikola Maksimović Serbien
0%
50 3 Pietro Strada Italien
0%
37 3 Ricardo Oliveira Brasilien
0%
39 4 Stefano Fiore Italien
0%
35 4 Sylvain Armand Frankreich
0%
54 5 Yoann Gourcuff Frankreich
0%
35 6 Zoran Mirkovic Serbien
0%
Keine übereinstimmenden Quizze gefunden
Verteilung der Resultate
Anzahl Personen mit jedem Resultat
Perzentil nach korrekt beantworteten Fragen
Ihre Resultats-Entwicklung
Sie haben dieses Quiz noch nicht gespielt